Rapport explicatif relatif a la convention européenne sur les effets internationaux de la déchéance du droit de conduire un véhicule à moteur, Bruxelles, 3 Juin 1976

Saved in:
Bibliografiske detaljer
Institution som forfatter: Council of Europe=Conseil de l'Europe (Author)
Format: Bog
Sprog:fransk
Udgivet: Estrasburgo Council of Europe 1976
Fag:
Tags: Tilføj Tag
Ingen Tags, Vær først til at tagge denne postø!

MARC

LEADER 00000nam a2200000 a 4500
001 UCS1841
003 CL-VaPUC
008 970515e19760000FR |||||||||||||||||fre|d
082 0 4 |a 341.756  |b COU  |2 21 
110 2 |a Council of Europe=Conseil de l'Europe  |e author  |9 386680 
245 1 0 |a Rapport explicatif relatif a la convention européenne sur les effets internationaux de la déchéance du droit de conduire un véhicule à moteur, Bruxelles, 3 Juin 1976 
300 |a 15 p 
942 |c BK 
945 |d 19970515 00:00:00  |a paguirre 
260 |a Estrasburgo  |b Council of Europe  |c 1976 
650 0 |a Derecho internacional  |9 255637 
650 7 |a TRANSITO  |2 CL-VaPUC  |9 386681 
650 7 |a CONDUCTORES  |2 CL-VaPUC  |9 327717 
650 0 |a Vehículos automotores  |9 386662 
651 0 |a Europa  |9 255156 
583 |a last modification  |c 19970515 00:00:00  |k Rodrigo Vera 
999 |c 259873  |d 259871 
952 |0 0  |1 0  |4 0  |6 341_756000000000000_COU_1976  |7 0  |8 A  |9 285372  |a BIBDER  |b BIBDER  |d 2019-11-19  |i 1853856  |o 341.756 COU 1976  |p 1853856  |r 2023-01-25  |w 2019-11-19  |y BK  |k DER